000
00258nam a2200109Ia 4500
008
190216s9999||||xx |||||||||||||| ||und||
100
_a
Surya Kanth Thripathi
245
0
_a
Hindi - Kale Karname
260
_b
Sabda Shristi
_c
2002
300
_a
64
942
_c
BK
999
_c
16942
_d
16942